Hỏi và đáp về Chủ tịch Tôn Đức Thắng & Lược sử phong trào công nhân Việt Nam
Gorde:
| Formatua: | Liburua |
|---|---|
| Hizkuntza: | Undetermined |
| Argitaratua: |
Tp. Hồ Chí Minh
Trẻ
2004
|
| Gaiak: | |
| Etiketak: |
Etiketa erantsi
Etiketarik gabe, Izan zaitez lehena erregistro honi etiketa jartzen!
|
| Thư viện lưu trữ: | Trung tâm Học liệu Trường Đại học Cần Thơ |
|---|
| LEADER | 00630nam a2200205Ia 4500 | ||
|---|---|---|---|
| 001 | CTU_92429 | ||
| 008 | 210402s9999 xx 000 0 und d | ||
| 020 | |c 12000 | ||
| 082 | |a 959.7043 | ||
| 082 | |b H428 | ||
| 245 | 0 | |a Hỏi và đáp về Chủ tịch Tôn Đức Thắng & Lược sử phong trào công nhân Việt Nam | |
| 245 | 0 | |c Nhiều tác giả | |
| 260 | |a Tp. Hồ Chí Minh | ||
| 260 | |b Trẻ | ||
| 260 | |c 2004 | ||
| 650 | |a Communist Parties,Ton Duc Thang | ||
| 650 | |x Biography | ||
| 650 | |z Viet Nam | ||
| 904 | |i Minh | ||
| 980 | |a Trung tâm Học liệu Trường Đại học Cần Thơ | ||